Does Core Competence Affect Corporate Social Responsibility?

Základná kompetencia ako kľúčový faktor konkurencieschopnosti podnikov. Vplyv základnej kompetencie na spoločenskú zodpovednosť podnikov. Výsledky výskumu ukazajú, že čím silnejšia je základná kompetencia, tým vyššia bude spoločenská zodpovednosť podnikov, čo znamená, že kľúčové kompetencie môžu výr...

Descrizione completa

Salvato in:
Dettagli Bibliografici
Autore principale: Sun, Changling
Altri autori: Skapa, Stanislav, Liu, Jinzhao, Horák, Jakub, Yang, Yaning
Natura: Capitolo di libro
Lingua:inglese
Soggetti:
Tags: Aggiungi Tag
Nessun Tag, puoi essere il primo ad aggiungerne!!

MARC

LEADER 00000naa a2200000 4500
001 0282720
005 20220317081313.8
041 0 |a eng 
044 |a CZ 
245 1 0 |a Does Core Competence Affect Corporate Social Responsibility?  |c Changling Sun, Stanislav Skapa, Jinzhao Liu, Jakub Horák, Yaning Yang 
520 |a Základná kompetencia ako kľúčový faktor konkurencieschopnosti podnikov. Vplyv základnej kompetencie na spoločenskú zodpovednosť podnikov. Výsledky výskumu ukazajú, že čím silnejšia je základná kompetencia, tým vyššia bude spoločenská zodpovednosť podnikov, čo znamená, že kľúčové kompetencie môžu výrazne zlepšiť spoločenskú zodpovednosť podnikov. 
610 2 0 |a zodpovednosť podniku spoločenská 
610 2 0 |a kompetencie 
610 2 0 |a konkurencieschopnosť 
610 2 0 |a podnik 
610 2 0 |a výskum 
100 1 |a Sun, Changling 
700 1 |a Skapa, Stanislav 
700 1 |a Liu, Jinzhao 
700 1 |a Horák, Jakub 
700 1 |a Yang, Yaning